000 00294nam a22001337a 4500
008 181010b xxu||||| |||| 00| 0 eng d
020 _a9780815185949
041 _aeng
080 _a610.73
100 _a2
101 _aINF
245 _aCurrent Issues in Nursing
_cComi, J
942 _2udc
_cBK
999 _c49312
_d49312